• 首页
  • 本馆介绍
  • 公告通知
  • 最新文献
  • 馆藏检索
  • 电子资源
  • 读者导购
  • 参考咨询
  • 我的图书馆
  • 登录
  • 详细信息显示
  • 放入我的书架
  • 预约/预借图书
  • 作者相关作品
  • 分类相关作品
  • 丛书相关作品
  • 出版社相关作品

书目信息

  • 表格格式
  • 工作单格式
  • 卡片格式
题名:
王卫的谜
    
 
作者: 郭昭晖 著
分册:  
出版信息: 北京   中国财富出版社  2016
页数: 260页
开本: 23cm
丛书名:
单 册:
中图分类: F632.3
科图分类:
主题词: 邮件投递--邮电企业--企业管理--经验--中国
电子资源:
ISBN: 978-7-5047-5911-5
000 01092nam0 2200253 450
001 012001000017
005 20140920091301.0
010    @a978-7-5047-5911-5@b精装@dCNY39.80
100    @a20160119d2016 em y0chiy50 ea
101 0  @achi
102    @aCN@b110000
105    @ay z 000yy
106    @ar
200 1  @a王卫的谜@9Wang Wei De Mi@b专著@e顺丰的那套办法@f郭昭晖著
210    @a北京@c中国财富出版社@d2016
215    @a260页@d23cm
330    @a本书为你还原王卫带领顺丰从起家到扩张壮大的全过程,你会发现他看似简单的创业历程中每一步都走得那样辛苦却踏实。你会看到他是如何在诱惑和危机中保持清醒和专注,把21万人的物流大军管理得井井有条,并能做到让客户真正满意。你会看到他是怎样把创业当成魔术一般玩得得心应手,胜券在握……在顺丰的种种成就和动作背后,一个踏实低调、沉稳专注的创业家王卫逐渐浮出水面。
517 1  @a顺丰的那套办法@9Shun Feng De Na Tao Ban Fa
606 0  @a邮件投递@x邮电企业@x企业管理@x经验@y中国
610 02 @a顺丰速运@x企业管理@x经验
690    @aF632.3@v5
701  0 @a郭昭晖@9Guo Zhao Hui@4著
801  0 @aCN@b上海新华@c20180901
905    @b1040075-79@dF632.3@e11@f5
    
    王卫的谜:顺丰的那套办法/郭昭晖著.-北京:中国财富出版社,2016
    260页;23cm
    
    
    ISBN 978-7-5047-5911-5(精装):CNY39.80
    本书为你还原王卫带领顺丰从起家到扩张壮大的全过程,你会发现他看似简单的创业历程中每一步都走得那样辛苦却踏实。你会看到他是如何在诱惑和危机中保持清醒和专注,把21万人的物流大军管理得井井有条,并能做到让客户真正满意。你会看到他是怎样把创业当成魔术一般玩得得心应手,胜券在握……在顺丰的种种成就和动作背后,一个踏实低调、沉稳专注的创业家王卫逐渐浮出水面。
●
相关链接 在E读中查询图书 在五车中查询图书 在当当中查询图书 在豆瓣中查询图书


正题名:王卫的谜     索取号:F632.3/11         预约/预借

序号 登录号 条形码 馆藏地/架位号 状态 备注
1 1040075   210400751   第一样本阅览室/ [索取号:F632.3/11] 在馆    
2 1040076   210400760   密集书库-海洋学院/ [索取号:F632.3/11] 在馆    
3 1040077   210400779   第一借阅区/ [索取号:F632.3/11] 在馆    
4 1040078   210400788   第一借阅区/ [索取号:F632.3/11] 在馆    
5 1040079   210400797   第一借阅区/ [索取号:F632.3/11] 在馆    
唐山师范学院图书馆 欢迎您!
大连网信软件有限公司© 版权所有